UEFA Europa League Teams 24/25 - Statistiken

Allgemein
  • Dieses Quiz wurde 51 mal gespielt
  • Das Durchschnittsergebnis liegt bei 21 aus 36
Antwortstatistiken
Topf 1 % Korrekt
Eintracht Frankfurt
91%
Manchester United
84%
AZ Alkmaar
80%
Tottenham Hotspur
80%
AS Rom
77%
Olympique Lyon
77%
TSG 1899 Hoffenheim
77%
Ajax Amsterdam
75%
Lazio Rom
73%
Fenerbahce Istanbul
70%
Glasgow Rangers
70%
Olympiakos Piräus
70%
Galatasaray Istanbul
68%
FC Porto
66%
Athletic Bilbao
64%
Malmö FF
64%
Bodö/Glimt
61%
Besiktas Istanbul
59%
Real Sociedad San Sebastian
59%
Sporting Braga
59%
Dynamo Kiew
57%
Slavia Prag
57%
Viktoria Pilsen
57%
PAOK Thessaloniki
55%
RSC Anderlecht
55%
FK RFS
52%
FCSB Bukarest
50%
Ferencvaros Budapest
50%
OGC Nizza
43%
Royale Union Saint-Gilloise
43%
Twente Enschede
43%
Maccabi Tel Aviv
41%
Qarabag Agdam
41%
FC Midtjylland
36%
IF Elfsborg
27%
Ludogorez Rasgrad
16%
Keine übereinstimmenden Quizze gefunden
Verteilung der Resultate
Anzahl Personen mit jedem Resultat
Perzentil nach korrekt beantworteten Fragen
Ihre Resultats-Entwicklung
Sie haben dieses Quiz noch nicht gespielt